| 000 | 01031nam a22002897a 4500 | ||
|---|---|---|---|
| 001 | 9151 | ||
| 003 | FISKH | ||
| 005 | 20251126085516.0 | ||
| 008 | 251126b cb ||||| |||| 00| 0 eng d | ||
| 020 | _a9780194794404 | ||
| 040 |
_aFISKH _beng _cFISKH _dFISKH |
||
| 050 | _aPE1126.A4 B376784 | ||
| 082 | _a428.6 | ||
| 100 |
_aBassett, Jennifer _eAuthor |
||
| 245 |
_aLes miserables / _cRetold by Jennifer Bassett |
||
| 260 |
_aOxford : _bOxford University Press , _c2012 |
||
| 300 |
_a56 pages : _billustrations ; _c20 cm |
||
| 490 |
_aOxford Bookworms : _vHuman interest ; stage 1 |
||
| 505 | _aL | ||
| 520 | _aFrance, 1815. Jean Valjean leaves prison after nineteen years. These are dangerous and troubled times, and life is hard. Valjean must begin a new life, but how can he escape his past, and his enemy, Inspector Javert? | ||
| 521 | 8 |
_a510
_bLexile |
|
| 521 | 8 |
_aL
_bRaz-Plus |
|
| 650 |
_aEnglish language _vHuman interest |
||
| 700 |
_aBacchin, Giorgio _eIllustrator |
||
| 942 |
_2ddc _cBK _n0 |
||
| 999 |
_c9151 _d9151 |
||